Statistiken für Top 5 Sprachen in Europa

Klicken Sie hier um das Quiz zu spielen!

Allgemein

  • Dieses Quiz wurde 694 mal gespielt
  • Das Durchschnittsergebnis liegt bei 5 aus 5

Antwortstatistiken

%Sprache% Korrekt
11Deutsch
97%
38Englisch
97%
7Spanisch
92%
12Französisch
90%
5Russisch
77%

Verteilung der Resultate

Perzentil nach korrekt beantworteten Fragen

Anzahl Personen mit jedem Resultat

Ihre Resultats-Entwicklung

Sie haben dieses Quiz noch nicht gespielt